| 000 -LEADER |
| fixed length control field |
02040nam a22005297a 4500 |
| 001 - CONTROL NUMBER |
| control field |
15028653 |
| 003 - CONTROL NUMBER IDENTIFIER |
| control field |
OSt |
| 005 - DATE AND TIME OF LATEST TRANSACTION |
| control field |
20210421074521.0 |
| 008 - FIXED-LENGTH DATA ELEMENTS--GENERAL INFORMATION |
| fixed length control field |
070927s2007 inua b 000 0 eng |
| 010 ## - LIBRARY OF CONGRESS CONTROL NUMBER |
| LC control number |
2007040291 |
| 020 ## - INTERNATIONAL STANDARD BOOK NUMBER |
| International Standard Book Number |
9781930538719 (pbk.) |
| 020 ## - INTERNATIONAL STANDARD BOOK NUMBER |
| International Standard Book Number |
1930538715 (pbk.) |
| 035 ## - SYSTEM CONTROL NUMBER |
| System control number |
(DNLM)101317443 |
| 040 ## - CATALOGING SOURCE |
| Original cataloging agency |
DNLM/DLC |
| Transcribing agency |
DLC |
| Modifying agency |
eng |
| Language of cataloging |
eng |
| 041 ## - LANGUAGE CODE |
| Language code of text/sound track or separate title |
eng |
| 042 ## - AUTHENTICATION CODE |
| Authentication code |
pcc |
| 050 00 - LIBRARY OF CONGRESS CALL NUMBER |
| Classification number |
RT42 |
| Item number |
.J62 2007 |
| 060 10 - NATIONAL LIBRARY OF MEDICINE CALL NUMBER |
| Classification number |
WY 100 |
| Item number |
J65 2007 |
| 080 ## - UNIVERSAL DECIMAL CLASSIFICATION NUMBER |
| Universal Decimal Classification number |
616-08 |
| Item number |
J-74 |
| 082 00 - DEWEY DECIMAL CLASSIFICATION NUMBER |
| Classification number |
610.73 |
| Edition number |
22 |
| 245 00 - TITLE STATEMENT |
| Title |
Johns Hopkins nursing evidence-based practice model and guidelines / |
| Statement of responsibility, etc. |
Robin P. Newhouse ... [et al.]. |
| Remainder of title |
/ by: Sigma Theta Tau International Honor Society of Nursing, |
| 246 30 - VARYING FORM OF TITLE |
| Title proper/short title |
Nursing evidence-based practice model and guidelines |
| 260 ## - PUBLICATION, DISTRIBUTION, ETC. |
| Place of publication, distribution, etc. |
Indianapolis : |
| Name of publisher, distributor, etc. |
Sigma Theta Tau International Honor Society of Nursing, |
| Date of publication, distribution, etc. |
c2007. |
| 300 ## - PHYSICAL DESCRIPTION |
| Extent |
xiv, 224 p. : |
| Other physical details |
ill. ; |
| Dimensions |
23 cm. |
| 504 ## - BIBLIOGRAPHY, ETC. NOTE |
| Bibliography, etc. note |
Includes bibliographical references. |
| 650 #0 - SUBJECT ADDED ENTRY--TOPICAL TERM |
| Topical term or geographic name entry element |
Evidence-based nursing. |
| 650 #0 - SUBJECT ADDED ENTRY--TOPICAL TERM |
| Topical term or geographic name entry element |
Patient Care |
| 9 (RLIN) |
285 |
| 650 #0 - SUBJECT ADDED ENTRY--TOPICAL TERM |
| Topical term or geographic name entry element |
Nursing models. |
| 650 12 - SUBJECT ADDED ENTRY--TOPICAL TERM |
| Topical term or geographic name entry element |
Nursing Process. |
| 650 22 - SUBJECT ADDED ENTRY--TOPICAL TERM |
| Topical term or geographic name entry element |
Evidence-Based Medicine. |
| 650 22 - SUBJECT ADDED ENTRY--TOPICAL TERM |
| Topical term or geographic name entry element |
Models, Nursing. |
| 653 ## - INDEX TERM--UNCONTROLLED |
| Uncontrolled term |
პაციენტის მოვლა |
| 653 ## - INDEX TERM--UNCONTROLLED |
| Uncontrolled term |
მტკიცებულებაზე დაფუძნებული პაციენტის მოვლა |
| 653 ## - INDEX TERM--UNCONTROLLED |
| Uncontrolled term |
პაციენტის მოვლის პროცესი |
| 700 1# - ADDED ENTRY--PERSONAL NAME |
| Personal name |
Newhouse, Robin Purdy. |
| 700 ## - ADDED ENTRY--PERSONAL NAME |
| Personal name |
Dearholt, L. Sandra |
| 9 (RLIN) |
542 |
| 700 ## - ADDED ENTRY--PERSONAL NAME |
| Personal name |
Poe, S. Stephanie |
| 9 (RLIN) |
543 |
| 700 ## - ADDED ENTRY--PERSONAL NAME |
| Personal name |
Pugh, C. Linda |
| 9 (RLIN) |
544 |
| 700 ## - ADDED ENTRY--PERSONAL NAME |
| Personal name |
White, M. Kathleen |
| 9 (RLIN) |
545 |
| 710 2# - ADDED ENTRY--CORPORATE NAME |
| Corporate name or jurisdiction name as entry element |
Sigma Theta Tau International. |
| 710 2# - ADDED ENTRY--CORPORATE NAME |
| Corporate name or jurisdiction name as entry element |
Johns Hopkins Hospital. |
| 710 2# - ADDED ENTRY--CORPORATE NAME |
| Corporate name or jurisdiction name as entry element |
Johns Hopkins University. |
| Subordinate unit |
School of Nursing. |
| 856 41 - ELECTRONIC LOCATION AND ACCESS |
| Materials specified |
Table of contents only |
| Uniform Resource Identifier |
<a href="http://www.loc.gov/catdir/toc/ecip081/2007040291.html">http://www.loc.gov/catdir/toc/ecip081/2007040291.html</a> |
| 906 ## - LOCAL DATA ELEMENT F, LDF (RLIN) |
| a |
7 |
| b |
cbc |
| c |
orignew |
| d |
1 |
| e |
ecip |
| f |
20 |
| g |
y-gencatlg |
| 942 ## - ADDED ENTRY ELEMENTS (KOHA) |
| Source of classification or shelving scheme |
|
| Koha item type |
Books |